000 00559nam a22001817a 4500
999 _c15216
_d15216
003 AR-CdUCM
008 190426b ||||| |||| 00| 0 spa d
040 _aMUNICIPALIDAD PROVINCIAL DEL CUSCO
_cBIBLIOTECA MUNICIPAL DEL CUSCO
082 _aSI / 803.08 /
_bC96
245 _aCuentos de hadas Chinos /
260 _aBarcelona :
_bMolino,
_c1954.
300 _a115 paginas ;
_bIlustraciones,
_c29 cm.
650 _aLiteratura infantil
_9588
650 _aCuento
_94671
700 _aE.Macho Quevedo
_934248
942 _2ddc
_cLIBROS
945 _arjall
_d2019-04-26